000 02104nim a22004451i 4500
005 20200320191723.0
007 sd fungnnmmneu
008 130820s2013 mnunnnn z n eng d
020 _a9781622311989
035 _a(OCoLC)832287366
040 _aMM LLC
_beng
_cMM LLC
_erda
043 _an-us---
082 0 0 _a833/.92
_223
100 1 _aPotzsch, Oliver.
_95699171
240 1 0 _aLudwig Verschworung.
_lEnglish
245 1 4 _aThe Ludwig Conspiracy
_h[sound recording]:
_ba historical thriller /
_cOliver Potzsch ; [translated by Anthea Bell].
250 _aUnabridged.
260 _a[Minneapolis, MN] :
_bHighbridge Co.,
_c[2013]
300 _a12 sound discs (ca. 14 hr., 45 min.) :
_bdigital, CD audio ;
_c4 3/4 in.
336 _aspoken word
337 _aaudio
338 _aaudio disc
344 _adigital
_boptical
_2rda.
347 _bCD audio
_2rda.
500 _aCompact discs.
511 0 _aRead by Simon Vance.
520 _aThe accidental discovery of an encoded diary by antiquarian bookseller Steven Lukas contains a deadly secret that links his fate to the tragic end of the 19th Century Fairytale King, Ludwig II of Bavaria. Steven consults with art historian Sara Lengfeld. Soon they find themselves on the run together, investigating each of Ludwig's three castles for clues as to just what in that ancient diary could be so explosive as to be worth killing and even dying for.
600 0 0 _aLudwig
_bII,
_cKing of Bavaria,
_d1845-1886
_vFiction.
_95883719
650 0 _aDiaries
_vFiction.
_95674805
650 0 _aConspiracies
_vFiction.
_95673860
655 7 _aAudiobooks.
_2lcgft.
_95883720
655 7 _aMystery fiction.
_2gsafd
_95883721
655 7 _aSuspense fiction.
_2gsafd
_95883722
655 7 _aHistorical fiction.
_2gsafd
_95883723
700 1 _aVance, Simon.
_4nrt.
_971296
700 1 _aBell, Anthea,
_etranslator.
_910952
942 _cCD
_011
948 _a11/13/2013
_zSirsi
996 _a104754
_b34301001259110
_cCD
_dCD
_ewcl
_fi
_g11
_h39.95
_i.CIRCNOTE. 12 discs
_lmicro
_mPot
_p11/15/2013
_q12/02/2019
_r10/22/2019
999 _c282152
_d282152